000 03178cam a2200937 a 4500
999 _c57267
001 9496718
003 LIBRIS
005 20210331105545.0
008 040513s2004 sw |||| |00| 0 swe
020 _a9172035714 (korr.) (inb.)
_z91-7203-5714
035 _a(Bo)358102
035 _a(Mo)b1538869
040 _aLGEN
_dNB
_dHsd
082 4 _a688.42
_223/swe
084 _aPmbab
_2kssb/7
084 _aPmbab
_2kssb/8
100 1 _aJansson, Anders,
_d1959-
_0245485
245 1 0 _aI pipans vänkrets :
_ben bok om pipor och piprökning /
_cAnders Jansson & Erik Lindfelt
260 _aStockholm :
_bCarlsson,
_c2004
_e(Vellinge :
_fSkogs rulloffset)
300 _a192 s. :
_bill. (vissa i färg) ;
_c27 cm
546 _asvenska
650 7 _aTobak
_xpipor
_2sao
650 7 _aTobakspipor
_2sao
_0156565
650 7 _aTobaksrökning
_2sao
_0158603
650 7 _aEtnobotanik
_2sao
_0144442
650 0 _aEthnobotany
650 0 _aSmoking
650 0 _aTobacco pipes
650 7 _aTobaksrökning
_2sao
650 7 _aTobakspipor
_2sao
653 _aTobak
653 _aTobaksvaror
653 _aPipor
655 4 _5Mo
_aBok
700 1 _aLindfelt, Erik,
_d1959-
_0212169
942 _2z
_cBOOK